Análisis estadístico: Efecto de nueve portainjertos de vid sobre la vida de postcosecha de la fruta de seis cultivares de uva de mesa

Guardat en:
Dades bibliogràfiques
Autor principal: Villacura G., Sussan (Autor)
Format: Llibre
Idioma:espanyol
Publicat: Valparaíso Pontificia Universidad Católica de Valparaíso 2004
Matèries:
Etiquetes: Afegir etiqueta
Sense etiquetes, Sigues el primer a etiquetar aquest registre!

MARC

LEADER 00000nam a2200000 a 4500
001 UCK2907
003 CL-VaPUC
008 050324e20040000CL |||||||||||||||||spa|d
082 0 4 |a 634.8  |b VIL  |2 21 
100 0 |a Villacura G., Sussan  |e author  |9 490907 
245 1 0 |a Análisis estadístico: Efecto de nueve portainjertos de vid sobre la vida de postcosecha de la fruta de seis cultivares de uva de mesa 
300 |a 102 p 
942 |c BK 
945 |d 20050324 00:00:00  |a cmena 
260 |a Valparaíso  |b Pontificia Universidad Católica de Valparaíso  |c 2004 
500 |a Corresponde a: Taller de Consultoría, solicitado por la srta. Silvia Chellew 
500 |a Dirigido por: Inés Guerrero Santana 
650 0 |a Análisis estadístico  |9 269506 
650 0 |a Viticultura  |9 301210 
650 0 |a Cosecha  |9 259688 
650 0 |a Muestreo (Estadística)  |9 270232 
650 0 |a Estadística matemática  |9 260028 
583 |a last modification  |c 20050324 00:00:00  |k Rodrigo Vera 
999 |c 312298  |d 312296 
952 |0 0  |1 0  |2 ddc  |4 0  |6 634_800000000000000_VIL_2004  |7 0  |8 T  |9 382365  |a BIBGIM  |b BIBGIM  |d 2019-11-21  |i 4084241  |o 634.8 VIL 2004  |p 4084241  |r 2019-11-21  |w 2019-11-21  |y BK_F  |k EST